000 004580000a22001810004500
003 MACL
005 20151014122754.0
008 151014b xxu||||| |||| 00| 0 eng d
040 _aMACL
_cMACL
041 _aEnglish
082 _a920/KUM
100 _aKumar, Ravindra
_91570
245 _aSelected Works Of Maulana Abul Kalam Azad
260 _bAtlantic Publishers
_c1992
_aNew Delhi
350 _a325
650 _aBiography
_914728
942 _cBK
_k920
_2ddc
999 _c4418
_d4418